00648nam a2200205 i 4500999001500000001000400015003000900019005001700028008004100045020001500086040003800101082001600139100001700155245004300172260005600215300002400271650002100295942001200316952011400328 c3761d3761356BD-DhUAP20200311152743.0200311r19891976at 000 1 eng  a0207162786 aBD-DhUAPcBD-DhUAPdBD-DhUAPbEng00223a823 KEL1 aKelly, Gwen.14aThe middle-aged maidens /cGwen Kelly. aMelbourne :bAngus and Robertson publishers,c1989. a224 pages ;c22 cm. aEnglish fiction. 2ddccBK 00102ddc4070aUAPCLbUAPCLcGeneral Stacksd2020-03-11o823 KELp3010000356r2020-03-11t1w2020-03-11yBK